00334nam a2200145Ia 4500003000400000005001700004008004100021020001500062040002900077100001500106245003200121260001400153260000900167546001200176OSt20240430155017.0170619s9999 xx 000 0 und d a8152240116 cIIMT ENGINEERING COLLEGE aGarde- R J 0aEngineering Fluid Mechanics bNem Chand c2002 aENGLISH